Руководство к практическим занятиям в лаборатории процессов и аппаратов химической технологии: учебное пособие

Xehetasun bibliografikoak
Beste egile batzuk: Романков Петр Григорьевич П. Г. (редактор)
Hizkuntza:errusiera
Argitaratua: Ленинград, Химия, 1990
Edizioa:6-е изд., перераб. и доп.
Gaiak:
Formatua: Liburua
KOHA link:https://koha.lib.tpu.ru/cgi-bin/koha/opac-detail.pl?biblionumber=36039

MARC

LEADER 00000nam0a2200000 4500
001 36039
005 20231031000919.0
010 |a 572450510X 
035 |a (RuTPU)RU\TPU\book\36500 
035 |a BOOK00003152 
090 |a 36039 
100 |a 20011210d1990 km y0rusy50 ca 
101 0 |a rus 
102 |a RU 
105 |a a j 000zy 
200 1 |a Руководство к практическим занятиям в лаборатории процессов и аппаратов химической технологии  |e учебное пособие  |f под ред. П. Г. Романкова 
205 |a 6-е изд., перераб. и доп. 
210 |a Ленинград  |c Химия  |d 1990 
215 |a 272 с.  |c ил. 
610 1 |a химия 
610 1 |a химическая технология 
610 1 |a процессы 
610 1 |a аппараты 
610 1 |a практические работы 
610 1 |a гидромеханические процессы 
610 1 |a тепловые процессы 
610 1 |a массообменные процессы 
610 1 |a механические процессы 
610 1 |a учебные пособия 
675 |a 66.02(076)  |v 3 
702 1 |a Романков  |b Петр Григорьевич  |g П. Г.  |4 340 
801 0 |a RU  |b 63413507  |c 20011210  |g PSBO 
801 2 |a RU  |b 63413507  |c 20180601  |g PSBO 
900 |a Основные процессы и аппараты химических производств 
900 |a Процессы и аппараты химической технологии 
900 |a Общая химическая технология 
942 |c BK